00603nam a2200241Ia 450000500170000000800460001702000180006303700100008104000080009104000080009904000080010704100080011504100080012308400080013110000180013924500440015724500620020126000230026326000090028636500050029536500080030085600530030820260324141543.0008 260324s9999 xx 000 0 eng d a9780429445873 aEBOOK aCRL beng cCRL 2eng aeng qCRL aAbby Peterson 0aNeo-sectarianism and Rainbow Coalitions 0bYouth and the Drama of Immigration in Contemporary Sweden bTaylor and Francis c1997 a b120 uhttp://www.taylorfrancis.com/books/9780429445873